| Tag |
First Indicator |
Second Indicator |
Subfields |
| LEADER |
00000cgm a2200000Ia 4500 |
| 001 |
in00002453521 |
| 005 |
20151110121941.0 |
| 007 |
vd csaizk |
| 008 |
090605s2008 cau099 e vleng d |
| 024 |
1 |
0 |
|a 891635001636
|
| 028 |
4 |
2 |
|a SEV7001BD
|b Severin Films
|
| 035 |
|
|
|a (OCoLC)ocn476311689
|
| 035 |
|
|
|a (OCoLC)476311689
|
| 040 |
|
|
|a GK6
|c GK6
|d EINCP
|d TXA
|d UtOrBLW
|
| 049 |
|
|
|a TXAM
|
| 090 |
|
|
|a PN1995.9.W3
|b I53 2008
|
| 245 |
0 |
0 |
|a Inglorious bastards /
|c written by Sandro Continenza [and others] ; directed by Enzo G. Castellari.
|
| 246 |
1 |
|
|i Originally released as :
|a Quel maledetto treno blindato
|
| 250 |
|
|
|a Blu-ray; widescreen version.
|
| 264 |
|
1 |
|a Los Angeles :
|b Severin Films,
|c [2008]
|
| 300 |
|
|
|a 1 videodisc (99 min.) :
|b sound, color ;
|c 4 3/4 in.
|
| 336 |
|
|
|a two-dimensional moving image
|b tdi
|2 rdacontent
|
| 337 |
|
|
|a video
|b v
|2 rdamedia
|
| 338 |
|
|
|a videodisc
|b vd
|2 rdacarrier
|
| 538 |
|
|
|a Blu-ray DVD, widescreen (1.85:1), 1080p HD, 50 GB dual layer; Dolby digital 5.1 or 2.0; This Blu-ray disc will not play in standard DVD players.
|
| 500 |
|
|
|a Title from container.
|
| 511 |
1 |
|
|a Bo Svenson, Peter Hooten, Fred Williamson, Michael Pergolani, Jackie Basehart, Raimund Harmstorf, Ian Bannen.
|
| 508 |
|
|
|a Director of photography, Giovanni Bergamini ; music, Francesco de Masi.
|
| 500 |
|
|
|a Originally released as a motion picture in 1978.
|
| 521 |
8 |
|
|a Not rated.
|
| 520 |
|
|
|a Four WWII American soldiers have been condemned to a military prison for various offenses. While en route, a German attack allows them to escape. The group heads towards Switzerland, hoping to avoid fighting and prison. However, they wind up volunteering for a commando mission for the French Underground. Somehow, the team must sneak into the most heavily guarded base in German territory, steal the Nazi's warhead, and bring it back to the allies without getting arrested again by their own side.
|
| 505 |
0 |
|
|a Special features: A conversation with Quentin Tarantino and Enzo Castellari; Train kept a rollin': documentary with cast and crew; Back to the war zone: locations featurettte with director Enzo Castellari; Inglorious reunion at the New Beverly; Enzo's 70th birthday celebration in L.A.; audio commentary with Enzo Castellari; theatrical trailer.
|
| 500 |
|
|
|a Videorecording.
|
| 650 |
|
0 |
|a Prisoners of war
|v Drama.
|
| 650 |
|
0 |
|a Soldiers
|v Drama.
|
| 650 |
|
0 |
|a World War, 1939-1945
|v Drama.
|
| 651 |
|
0 |
|a France
|v Drama.
|
| 655 |
|
7 |
|a Feature films.
|2 lcgft
|
| 655 |
|
7 |
|a War films.
|2 lcgft
|
| 655 |
|
7 |
|a Action and adventure films.
|2 lcgft
|
| 655 |
|
7 |
|a Fiction films.
|2 lcgft
|
| 700 |
1 |
|
|a Castellari, Enzo G.
|
| 700 |
1 |
|
|a Continenza, Sandro,
|d 1920-1996.
|
| 700 |
1 |
|
|a Svenson, Bo,
|d 1944-
|
| 700 |
1 |
|
|a Hooten, Peter,
|d 1950-
|
| 700 |
1 |
|
|a Williamson, Fred.
|
| 700 |
1 |
|
|a Pergolani, Michael.
|
| 700 |
1 |
|
|a Basehart, Jack.
|
| 700 |
1 |
|
|a Harmstorf, Raimund,
|d 1939-1998.
|
| 700 |
1 |
|
|a Bannen, Ian,
|d 1928-1999.
|
| 994 |
|
|
|a C0
|b TXA
|
| 948 |
|
|
|a cataloged
|b h
|c 2010/5/27
|d c
|e blrosas
|f 7:51:28 am
|
| 999 |
|
|
|a MARS
|
| 999 |
f |
f |
|s 71227efa-ff32-3661-b026-afcf1044234f
|i 45e6d9e2-c8be-3c99-b9e4-34f2ad3cb47b
|t 0
|
| 952 |
f |
f |
|p bluray
|a Texas A&M University
|b College Station
|c Sterling C. Evans Library
|d Evans: Media and Reserves (Annex 1st floor)
|t 0
|e PN1995.9.W3 I53 2008
|h Library of Congress classification
|i video -- videodisc
|m A14838852022
|
| 998 |
f |
f |
|a PN1995.9.W3 I53 2008
|t 0
|l Evans: Media and Reserves (Annex 1st floor)
|